| Tag |
First Indicator |
Second Indicator |
Subfields |
| LEADER |
00000nam a2200000Ia 4500 |
| 001 |
in00004333813 |
| 005 |
20200812093220.0 |
| 006 |
m g d |
| 007 |
cr bn |||a|bb| |
| 008 |
051129q16741679xx a o 000 0 eng d |
| 035 |
|
|
|a (OCoLC)62369502
|
| 040 |
|
|
|a UMI
|c UMI
|e dcrb
|
| 037 |
|
|
|a CL0037000125
|b ProQuest Information and Learning. 300 N. Zeeb Rd., Ann Arbor, MI 48106
|
| 043 |
|
|
|a e-uk-en
|
| 090 |
|
|
|a PR3291.A1
|b N49
|
| 049 |
|
|
|a UMIA
|
| 245 |
0 |
4 |
|a The new corant, or, The merry wooing of Jonney and Jenny :
|b young men and maids if here by any, you'l say this ballet is worth a penny, you shall it hear if you will stay, you know the price, buy them away, to a new tune call'd Up goes aly aly.
|
| 246 |
3 |
0 |
|a Merry wooing of Jonney and Jenny
|
| 260 |
|
|
|a [S.l.] :
|b Printed for F. Coles, T. Vere, J. Wright and J. Clark,
|c [1674-1679]
|
| 300 |
|
|
|a 1 online resource (1 sheet ([2] pages) :
|b illustrations (woodcuts)
|
| 336 |
|
|
|a text
|b txt
|2 rdacontent
|
| 337 |
|
|
|a computer
|b c
|2 rdamedia
|
| 338 |
|
|
|a online resource
|b cr
|2 rdacarrier
|
| 500 |
|
|
|a Date of publication suggested by Wing (2nd edition).
|
| 500 |
|
|
|a Verses in black letter, chorus lines in Roman.
|
| 500 |
|
|
|a Reproduction of original in: Bodleian Library.
|
| 510 |
4 |
|
|a Wing (2nd edition)
|c N601
|
| 533 |
|
|
|a Electronic reproduction.
|b Ann Arbor, Mich. :
|c UMI,
|d 1999-
|f (Early English books online)
|n Digital version of: (Early English Books, 1641-1700 ; 2853:9)
|7 s1999 miun s
|
| 650 |
|
0 |
|a Ballads, English
|y 17th century.
|
| 655 |
|
7 |
|a Broadsides
|z England
|y 17th century.
|2 rbgenr
|
| 740 |
0 |
|
|a Up goes aly aly.
|
| 830 |
|
0 |
|a Early English books online.
|
| 856 |
4 |
0 |
|u http://proxy.library.tamu.edu/login?url=https://search.proquest.com/docview/2240868180
|z Connect to the full text of this electronic book
|t 0
|
| 994 |
|
|
|a 02
|b UMI
|
| 999 |
f |
f |
|s 431feb0a-27c7-3bc4-a620-68a11f550d6c
|i d53b9852-4d5f-3f83-bed6-7ce177dcb5cc
|t 0
|
| 952 |
f |
f |
|a Texas A&M University
|b College Station
|c Electronic Resources
|d Available Online
|t 0
|e PR3291.A1 N49
|h Library of Congress classification
|
| 998 |
f |
f |
|a PR3291.A1 N49
|t 0
|l Available Online
|